Normal view
MARC view
- السبهاني،عبدالجبار حمد عبيد
Entry Personal Name
001 - CONTROL NUMBER
- control field: 30548
003 - CONTROL NUMBER IDENTIFIER
- control field: JO-AjAnu
005 - DATE AND TIME OF LATEST TRANSACTION
- control field: 20230606075143.0
008 - FIXED-LENGTH DATA ELEMENTS
- fixed length control field: 230606|| aca||aabn | a|a d
040 ## - CATALOGING SOURCE
- Original cataloging agency: JO-AjAnu
- Transcribing agency: JO-AjAnu
100 ## - HEADING--PERSONAL NAME
- Personal name: السبهاني،عبدالجبار حمد عبيد
670 ## - SOURCE DATA FOUND
- Source citation: Work cat.: (JO-AjAnu)15691: السبهاني،عبدالجبار حمد عبيد, author, الوجيز في الفكر الاقتصادي الوضعي والاسلامي